000 00586nam a22001697a 4500
003 OSt
005 20260312101113.0
008 260312b |||||||| |||| 00| 0 eng d
040 _cMRSPTU
041 _aEnglish
100 _aRajpreet Kaur, Supervisor: Shimpy Maheshwari
245 _aComparative Performance Analysis of Three Phase Modular Converter and Z-Source Converter using DVR for Welding Load
260 _bDepartment of EE, MRSPTU, Bathinda
_c2016
650 _aElectrical Engineering
856 _uhttp://163.47.215.52:8080/jspui/handle/123456789/1184
942 _2ddc
_cTH
_n0
999 _c11126
_d11126